000 00810nam a22002297a 4500
003 OSt
005 20230914162330.0
008 221006b |||||||| |||| 00| 0 eng d
040 _cBiblioteca Lado V
082 _a700
_bZ95e
100 _9564
_aZuniga Jimenez, Edgar
_eautor
245 _aEscultura Urbana | Pintura | Escultura en Bronce | Escultura en Madera/
260 _bgALERÍA estudio de Arte
_aCosta Rica
_c1950
300 _c14x22cm
_a3p.
_b4 afiches o folletos
366 _espa
505 _tPresentación
650 _2Tesauro de Arte & Arquitectura
_aARTE
_9703
650 _2Tesauro de Arte & Arquitectura
_aFOLLETO
_9702
650 _2Tesauro de Arte & Arquitectura
_aPINTURA
_9702
650 _2Tesauro de Arte & Arquitectura
_aESCULTURA
942 _2ddc
_c1
_h700
_iZ95e
_n0
999 _c4337
_d4337